| 000 | 00640nam a22002177a 4500 | ||
|---|---|---|---|
| 005 | 20251108173624.0 | ||
| 008 | 250721s2007 xx 000 0 ara d | ||
| 020 | _a9773721949 | ||
| 082 | 1 | 4 | _a210.4261589/فتو |
| 100 | 1 | _aأبو الفتوح، رؤى عبد العزيز | |
| 245 | 1 | 0 | _aالجامع لأحكام الحجامة / |
| 264 | 1 |
_aالقاهرة : _bدار الغد الجديد، _c2007. |
|
| 300 | _a165ص. | ||
| 650 | 1 | 7 | _aالطب الشعبي |
| 650 | 1 | 7 | _aالإسلام |
| 653 | _aالطب النبوي | ||
| 653 | _aالحجامة | ||
| 700 | 1 | _aجاد، أحمد | |
| 942 |
_2ddc _cBK |
||
| 999 |
_c108342 _d108342 |
||